| 000 | 00464nam a2200145 a 4500 | ||
|---|---|---|---|
| 001 | 000029693 | ||
| 005 | 20200930055732.0 | ||
| 008 | 110425s1963 dr c 000 0 spa d | ||
| 040 |
_aDO-SdBNP _bspa _cBNPHU |
||
| 082 |
_axxx _bR426t |
||
| 110 | 1 |
_aRepública Dominicana _bSecretaría de Estado de la Presidencia _932262 |
|
| 245 | 1 | 3 | _aEl triunvirato. |
| 260 |
_aSanto Domingo : _bSecretaría de Estado de la Presidencia, _c1963. |
||
| 300 |
_a10 p. : _bretrs. ; _c16 cm. |
||
| 999 |
_c29185 _d29185 |
||